Представление документа в формате RUSMARC

Поле Инд. ПП Название Значение
Тип записи a
Библиографический уровень a
001 Контрольный номер aede3742c8814cca838251bfc816d6e4
005 Дата корректировки 20200407131657.3
100 a Данные общей обработки 20180910 ||| 0rusy0189 ca
101 0_ a Язык текста rus
102 a Страна публикации RU
200 1_ f Первые сведения об ответственности Н.Г. Кулакова, А.А. Воронов
a Заглавие К вопросу о науке уголовно-исполнительного права с позиции истинности
b Общее обозначение материала Электронный ресурс
210 d Дата издания 2018
461 _0 1 2000
a Закон и право
463 _0 1 2000
a №8
v С. 105-107
1 2101
d 2018
1 00115b7a1fe5a604150a7ba329b8923d937
606 a Основная рубрика Право. Юридические науки
x Основная подрубрика Уголовное право
610 0_ a Ключевые слова УГОЛОВНО-ИСПОЛНИТЕЛЬНОЕ ПРАВО
a Ключевые слова ТЕОРИЯ ПРАВА
700 _1 a Фамилия Кулакова
b Имя Н.Г.
701 _1 a Фамилия Воронов
b Имя А.А.
801 _0 a Страна RU
b Организация РГУП
c Дата составления 20180910
g Правила каталогизации PSBO
801 _1 a Страна RU
b Организация РГУП
c Дата составления 20180910
g Правила каталогизации PSBO
901 t Тип документа b
w Контрольный № источника 15b7a1fe5a604150a7ba329b8923d937
905 a Дата ввода 20180910